Les crimes commis a l'egard des femmes sont des crimes contre l'humanité=Los crimenes contra la mujer son crimenes de lesa humanidad=Crimes against women are crimes against humanity (Record no. 117)
[ view plain ]
| 000 -LEADER | |
|---|---|
| fixed length control field | 007510000a22001930004500 |
| 005 - DATE AND TIME OF LATEST TRANSACTION | |
| control field | 20240503102000.0 |
| 008 - FIXED-LENGTH DATA ELEMENTS--GENERAL INFORMATION | |
| fixed length control field | 230817t ||||| |||| 00| 0 eng d |
| 082 ## - DEWEY DECIMAL CLASSIFICATION NUMBER | |
| Classification number | 305.42 |
| Item number | WOM |
| 942 ## - ADDED ENTRY ELEMENTS (KOHA) | |
| Item Type | Reports |
| 110 ## - MAIN ENTRY--CORPORATE NAME | |
| Corporate Name | Women Caucus for Gender Justice |
| 700 ## - ADDED ENTRY--PERSONAL NAME | |
| Personal name | Nainar, Vahida |
| Relator Term | editor |
| 700 ## - ADDED ENTRY--PERSONAL NAME | |
| Personal name | Spees, Pam |
| Relator Term | editor |
| 245 ## - TITLE STATEMENT | |
| Title | Les crimes commis a l'egard des femmes sont des crimes contre l'humanité=Los crimenes contra la mujer son crimenes de lesa humanidad=Crimes against women are crimes against humanity |
| 260 ## - PUBLICATION, DISTRIBUTION, ETC. (IMPRINT) | |
| Place of Publication | New York: |
| Name of Publisher | Women Caucus for Gender Justice, |
| Date of Copyright | [1999] |
| 300 ## - PHYSICAL DESCRIPTION | |
| Extent | 66 p. |
| 856 ## - ELECTRONIC LOCATION AND ACCESS | |
| Uniform Resource Identifier | <a href="http://iccwomen.org/wigjdraft1/Archives/oldWCGJ/resources/cahreport.html">http://iccwomen.org/wigjdraft1/Archives/oldWCGJ/resources/cahreport.html</a> |
| 650 ## - SUBJECT ADDED ENTRY--TOPICAL TERM | |
| Topical Term | VIOLENCE AGAINST WOMEN |
| 650 ## - SUBJECT ADDED ENTRY--TOPICAL TERM | |
| Topical Term | Gender based violence |
| Withdrawn status | Lost status | Source of classification or shelving scheme | Damaged status | Not for loan | Permanent location | Current location | Date acquired | Total Checkouts | Full call number | Barcode | Date last seen | Price effective from | Koha item type |
|---|---|---|---|---|---|---|---|---|---|---|---|---|---|
| Dewey Decimal Classification | Resource center, Muslim Women's Research And Action Forum | Resource center, Muslim Women's Research And Action Forum | 2023-08-17 | 305.42 WOM | RAF3982 | 2023-08-17 | 2023-08-17 | Reports | |||||
| Dewey Decimal Classification | Resource center, Muslim Women's Research And Action Forum | Resource center, Muslim Women's Research And Action Forum | 2024-05-27 | 305.42 WOM | RAF5255 | 2024-05-27 | 2024-05-27 | Reports |

